| 000 | 01201cad a22002775a 4500 | ||
|---|---|---|---|
| 001 | E149546 | ||
| 008 | 100318s2010 xxkd f s 000 0 eng d | ||
| 035 | _a(Sirsi) u149546 | ||
| 041 | 0 | _aeng | |
| 050 | 0 | 4 | _a333.33 $2 18 |
| 100 | 1 | _aCurlow, Justin | |
| 245 | 0 | 0 |
_aEuropean property cycle monitor _bJanuary 2010 _h[electronic resource] |
| 260 |
_aLondon _bRREEF _c2010 |
||
| 490 | 0 |
_aEuropean Property Cycle Monitor _vJanuary 2010 |
|
| 520 | _aReports that the European office market has not yet rebounded, and suggests that headline rents will stay slow for the next few years. Rents fell in the industrial markets in 2009, and this is forecast to continue in 2010. Shopping centre markets are still readjusting. | ||
| 590 | _aKA | ||
| 650 | 2 | 4 | _aEUROPEAN PROPERTY CYCLE MONITOR |
| 651 | 4 | _aEurope | |
| 690 | _aPROPERTY-COMMERCIAL PROPERTY-COMMERCIAL PROPERTY MARKET | ||
| 700 | 1 | _aStratton, Henry | |
| 700 | 1 | _aMorawski, Jaroslaw | |
| 700 | 1 | _aHobbs, Peter | |
| 710 | 2 |
_aDeutsche Bank _bRREEF _bReal Estate Research _95322 |
|
| 856 | 4 | 0 |
_uhttps://www.rreef.com/content/_media/Research_Europe_PCM_Jan2010.pdf _zView the report free of charge (PDF file) at www.rreef.com... |
| 942 | _n0 | ||
| 999 |
_c110533 _d110533 |
||